A corros /

সংরক্ষণ করুন:
গ্রন্থ-পঞ্জীর বিবরন
প্রধান লেখক: Loyola Hummel, Rosita C. de
অন্যান্য লেখক: Reseñadora Sennett, R.
বিন্যাস: পাঠ‍্য
বিষয়গুলি:
ট্যাগগুলো: ট্যাগ যুক্ত করুন
কোনো ট্যাগ নেই, প্রথমজন হিসাবে ট্যাগ করুন!

MARC

LEADER 00000 a a2200000 04500
001 8309
003
040
100 |a Loyola Hummel, Rosita C. de  
245 |a A corros /  |c Rosita C. de Loyola Hummel 
500 |a Datos de edición: Traduç  
650 |a PODER POLITICO  
650 |a AUTORIDADES NACIONALES  
650 |a RESEÑAS BIBLIOGRAFICAS  
650 |a TRABAJO  
650 |a LEGISLACION DEL TRABAJO  
700 |a Reseñadora   |a Sennett, R.  
773 |g volumen 18, número 35; páginas 325-329  
999 |c 23658  |d 23658